El oficio de resistir : periodismo, poder y violencia en México /

Contiene: 1) Panoramas históricos de violencia contra la prensa; 2) Mutación, devaluación y riesgo; 3) Geometría del riesgo; 4) La retícula de silencios; 5) Periodismo crítico y precavido; 6) Existir es resistir; 7) Desamparo, estigma y resistencia (2018-2024).

Uloženo v:
Podrobná bibliografie
Hlavní autor: Brambila, Julieta (autor)
Další autoři: Osorno, Guillermo (prólogo) (prólogo)
Médium: Kniha
Jazyk:španělština
Vydáno: México : Siglo XXI, 2025, c2025
Edice:(Singular)
Témata:
Tagy: Přidat tag
Žádné tagy, Buďte první, kdo vytvoří štítek k tomuto záznamu!

MARC

LEADER 00000nam^a2200000^a^4500
001 000627297
005 20260204000000.0
009 20260310134050.878
020 |a 978-607-03-1534-3 
037 |a Acervo ITESO - Biblioteca 
041 |a ESP 
082 |a 302. 2310972  |b BRA 
100 |a Brambila, Julieta  |e (autor) 
245 1 3 |a El oficio de resistir :  |b periodismo, poder y violencia en México /  |c J. Brambila ; pról. de G. Osorno. 
264 4 |a México :  |b Siglo XXI,  |c 2025, c2025 
300 |a 238 p. 
336 |a texto  |b txt  |2 rdacontenido 
337 |a sin mediación  |b n  |2 rdamedio 
338 |a volumen  |b nc  |2 rdasoporte 
440 1 |a (Singular) 
520 |a Contiene: 1) Panoramas históricos de violencia contra la prensa; 2) Mutación, devaluación y riesgo; 3) Geometría del riesgo; 4) La retícula de silencios; 5) Periodismo crítico y precavido; 6) Existir es resistir; 7) Desamparo, estigma y resistencia (2018-2024). 
521 |a FIL 2025 DIA 
649 |a XX 
650 |a Violencia en los Medios de Comunicación -  |z México -  |x Historia 
650 |a Violencia Política -  |z México -  |x Historia 
650 |a Periodismo -  |z México -  |x Historia -  |y Siglo XIX 
650 |a Periodismo -  |z México -  |x Historia -  |y Siglo XX 
650 |a Periodismo -  |z México -  |x Historia -  |y Siglo XXI 
650 |a Periodismo -  |z México -  |x Historia -  |x Tema Principal 
650 |a Medios de Comunicación -  |z México 
650 |a Comunicación 
700 |a Osorno, Guillermo  |e (prólogo) 
910 |a Fondo General 
920 |a Impresos - Libros 
930 |a Colección General 
905 |a 101 
901 |a 627297-10  |b IT1  |c ACC  |i C192149  |u 20260204 
902 |a https://opac.biblio.iteso.mx/vufind/Record/000627297